[Event "Daventry 4NCL Easter op-A 3rd"]
[Site "Daventry"]
[Date "2023.04.09"]
[Round "4"]
[White "Kay, Lee"]
[Black "Boggarapu, Kritan"]
[Result "1-0"]
[WhiteElo "1923"]
[BlackElo "1972"]
[PlyCount "95"]
[EventDate "2023.04.07"]
[EventType "swiss"]
[EventRounds "7"]
[EventCountry "ENG"]
[SourceTitle "CBM 213 Extra"]
[Source "ChessBase"]
[SourceDate "2023.05.31"]
[SourceVersion "1"]
[SourceVersionDate "2023.05.31"]
[SourceQuality "1"]

1. d4 Nf6 2. Nc3 d5 3. Bf4 Bf5 4. f3 e6 5. g4 Bg6 6. h4 h6 7. e3 c6 8. Bd3 Bxd3 9. Qxd3 Bd6 10. Nge2 Bxf4 11. Nxf4 Qd6 12. 0-0-0 Na6 13. g5 Nd7 14. gxh6 gxh6 15. Rhg1 Qe7 16. Rg7 0-0-0 17. Rdg1 Qf6 18. Qf1 Nc7 19. Nd3 Ne8 20. R7g4 Nd6 21. Qh3 Rdf8 22. e4 Qxd4 23. e5 Qe3+ 24. Kb1 Nc4 25. Re1 Qb6 26. b3 Qa5 27. bxc4 Qxc3 28. cxd5 cxd5 29. Qg3 Nb6 30. Nb2 Qc6 31. Qf4 Kb8 32. Rg2 Qb5 33. a4 Qc6 34. Re3 Qc7 35. a5 Nd7 36. a6 f6 37. axb7 Nxe5 38. Qa4 Qc5 39. Rb3 Nc6 40. Nd3 Qd6 41. Rb5 Kc7 42. Rg7+ Kd8 43. Nb4 Nb8 44. Qa5+ Ke8 45. Rc5 Rf7 46. Rc8+ Ke7 47. Rxf7+ Kxf7 48. Rxh8 1-0

[Event "BCF-chT4 2223 (4NCL)"]
[Site "England"]
[Date "2023.02.04"]
[Round "5.16"]
[White "Popovic, Dragi"]
[Black "Kay, Lee"]
[Result "1/2-1/2"]
[WhiteElo "1712"]
[BlackElo "2059"]
[PlyCount "130"]
[EventDate "2022.11.05"]
[EventType "team-swiss"]
[EventRounds "11"]
[EventCountry "ENG"]
[SourceTitle "EXT 2024"]
[Source "ChessBase"]
[SourceDate "2023.10.10"]
[SourceVersion "1"]
[SourceVersionDate "2023.10.10"]
[SourceQuality "1"]
[WhiteTeam "Poole Patzers"]
[BlackTeam "Average Wood Pushers"]
[WhiteTeamCountry "ENG"]
[BlackTeamCountry "ENG"]

1. Nf3 d6 2. g3 e5 3. e4 f5 4. d3 Nf6 5. Nc3 Be7 6. Bg2 0-0 7. exf5 Bxf5 8. h3 Qc8 9. Qe2 Nc6 10. Bg5 Be6 11. a3 Qd7 12. 0-0-0 b5 13. d4 Bc4 14. Qe3 Nxd4 15. Nxd4 exd4 16. Rxd4 Rae8 17. Qd2 Bf7 18. Rh4 c6 19. Ne4 Bg6 20. Nxf6+ Bxf6 21. Bxf6 Rxf6 22. Re1 Rxe1+ 23. Qxe1 Qf5 24. Be4 Qxf2 25. Qxf2 Rxf2 26. Bxg6 hxg6 27. Rg4 Kf7 28. Kd1 Kf6 29. h4 c5 30. b3 a5 31. a4 b4 32. Rg5 Rf5 33. Rg4 g5 34. Ke2 gxh4 35. gxh4 g6 36. Ke3 d5 37. Ke2 Re5+ 38. Kd3 Re1 39. Kd2 Rf1 40. Ke2 Rc1 41. Kd2 Rh1 42. Rf4+ Ke5 43. Rg4 Rh2+ 44. Kd3 Rh3+ 45. Kd2 Kf6 46. Rf4+ Ke5 47. Rg4 Kf6 48. Rf4+ Kg7 49. Rg4 Kh6 50. Ke2 Rc3 51. Kd2 Rf3 52. Rg5 Rf4 53. Rxd5 Rd4+ 54. Rxd4 cxd4 55. Kd3 Kh5 56. Kxd4 Kxh4 57. c4 bxc3 58. Kxc3 g5 59. b4 axb4+ 60. Kxb4 g4 61. a5 g3 62. a6 g2 63. a7 g1Q 64. a8Q Qb1+ 65. Kc5 Qc2+ 1/2-1/2

[Event "BCF-chT4 2223 (4NCL)"]
[Site "England"]
[Date "2023.01.08"]
[Round "4.14"]
[White "Kay, Lee"]
[Black "Vachtfeidl, Petr"]
[Result "0-1"]
[WhiteElo "2059"]
[BlackElo "1877"]
[PlyCount "96"]
[EventDate "2022.11.05"]
[EventType "team-swiss"]
[EventRounds "11"]
[EventCountry "ENG"]
[SourceTitle "EXT 2024"]
[Source "ChessBase"]
[SourceDate "2023.10.10"]
[SourceVersion "1"]
[SourceVersionDate "2023.10.10"]
[SourceQuality "1"]
[WhiteTeam "Average Wood Pushers"]
[BlackTeam "Kingston II"]
[WhiteTeamCountry "ENG"]
[BlackTeamCountry "ENG"]

1. d4 Nf6 2. Bg5 e6 3. e4 h6 4. Bxf6 Qxf6 5. Nf3 d6 6. Nc3 c6 7. Qd2 e5 8. h3 Nd7 9. 0-0-0 Be7 10. Kb1 0-0 11. Be2 Bd8 12. g4 Ba5 13. g5 hxg5 14. Rhg1 exd4 15. Nxd4 Nc5 16. f3 Qf4 17. Bf1 Qxd2 18. Rxd2 f6 19. Bc4+ Kh7 20. Rdg2 Bxc3 21. bxc3 Re8 22. h4 g4 23. Nf5 Bxf5 24. exf5 d5 25. Bd3 g3 26. Rxg3 Re7 27. Kb2 Rae8 28. c4 Nxd3+ 29. cxd3 dxc4 30. dxc4 Re2+ 31. Kc3 R8e7 32. h5 c5 33. Kb3 a6 34. f4 R7e3+ 35. Rxe3 Rxe3+ 36. Ka4 Re4 37. h6 Rxc4+ 38. Ka5 gxh6 39. Rg6 Rxf4 40. Rxf6 Kg7 41. Rg6+ Kh7 42. Rd6 Rxf5 43. Rd7+ Kg6 44. Rxb7 c4+ 45. Kxa6 Rc5 46. Rb2 c3 47. Rc2 Kf5 48. Kb6 Rc8 0-1

[Event "Daventry 4NCL Easter op-B 2nd"]
[Site "Daventry"]
[Date "2022.04.18"]
[Round "6"]
[White "Ortiz Sanchez, Luis"]
[Black "Kay, Lee"]
[Result "1/2-1/2"]
[WhiteElo "1987"]
[BlackElo "1978"]
[PlyCount "92"]
[EventDate "2022.04.15"]
[EventType "swiss"]
[EventRounds "7"]
[EventCountry "ENG"]
[SourceTitle "CBM 207 Extra"]
[Source "ChessBase"]
[SourceDate "2022.05.31"]
[SourceVersion "1"]
[SourceVersionDate "2022.05.31"]
[SourceQuality "1"]

1. d4 g6 2. e4 Bg7 3. Nc3 c6 4. Be3 d6 5. Qd2 b5 6. Bd3 Nd7 7. Nf3 Nb6 8. h3 Nf6 9. Bh6 0-0 10. Bxg7 Kxg7 11. 0-0 b4 12. Ne2 c5 13. c3 Bb7 14. Ng3 a5 15. Qg5 e6 16. Rfd1 h6 17. Qe3 c4 18. Bc2 d5 19. e5 Ng8 20. h4 Nd7 21. h5 g5 22. Re1 Ra6 23. Re2 f5 24. exf6+ Qxf6 25. Ba4 Bc8 26. Rae1 Qf4 27. Qd2 Qxd2 28. Nxd2 Ndf6 29. Nb1 Ne7 30. b3 Kf7 31. a3 bxa3 32. Nxa3 cxb3 33. Bxb3 Rb6 34. Ba2 Ba6 35. c4 Rfb8 36. Rc2 Rb2 37. Ree2 Rxc2 38. Rxc2 dxc4 39. Bxc4 Bxc4 40. Nxc4 Rb1+ 41. Kh2 Ned5 42. Nxa5 Nf4 43. f3 N4xh5 44. Nxh5 Nxh5 45. Rd2 Nf4 46. Nc6 Re1 1/2-1/2

[Event "BCF-chT 2122 (4NCL)"]
[Site "England"]
[Date "2022.03.27"]
[Round "6.117"]
[White "Ethelontis, Alexandros N"]
[Black "Kay, Lee"]
[Result "0-1"]
[WhiteElo "2119"]
[BlackElo "1930"]
[PlyCount "122"]
[EventDate "2021.11.27"]
[EventType "team-swiss"]
[EventRounds "11"]
[EventCountry "ENG"]
[SourceTitle "EXT 2023"]
[Source "ChessBase"]
[SourceDate "2022.10.05"]
[SourceVersion "1"]
[SourceVersionDate "2022.10.05"]
[SourceQuality "1"]
[WhiteTeam "Barnet Knights"]
[BlackTeam "Manchester Manticores"]
[WhiteTeamCountry "ENG"]
[BlackTeamCountry "ENG"]

1. Nf3 d6 2. c4 e5 3. Nc3 f5 4. g3 Nf6 5. d4 e4 6. Nh4 Be7 7. Ng2 0-0 8. h4 c6 9. Nf4 Na6 10. h5 Nc7 11. d5 Ng4 12. Qb3 c5 13. Bd2 Bf6 14. Nd1 Qe8 15. a4 b6 16. Bh3 Bd7 17. Bxg4 fxg4 18. Ne3 Rb8 19. Bc3 Bg5 20. Neg2 a6 21. Qc2 Qe7 22. b3 Bf6 23. Bxf6 Qxf6 24. Ra2 Rbe8 25. Ne3 Re5 26. Qb2 Qh6 27. Rh4 Qg5 28. Ra1 Re7 29. Rh1 Ref7 30. Neg2 Qe5 31. Ra2 Rf6 32. Rh4 g5 33. hxg6 hxg6 34. Rh1 Qxb2 35. Rxb2 g5 36. Nh5 Rh6 37. b4 cxb4 38. Rxb4 Na8 39. Ne3 Be8 40. Nxg4 Rxh5 41. Rf1 Bd7 42. Ne3 a5 43. Rb2 Bxa4 44. g4 Rh3 45. Nf5 Rf6 46. f3 exf3 47. exf3 Bd7 48. Nd4 Rf4 49. Rd2 Nc7 50. Kd1 b5 51. cxb5 Nxb5 52. Ne6 Bxe6 53. dxe6 Rhxf3 54. Re1 Rf1 55. Rxf1 Rxf1+ 56. Kc2 Re1 57. Rd5 Re5 58. Rd1 Rxe6 59. Ra1 Re5 60. Kd3 Nc7 61. Rc1 Rc5 0-1

[Event "BCF-chT 2122 (4NCL)"]
[Site "England"]
[Date "2022.03.26"]
[Round "5.127"]
[White "Fernando, Manel"]
[Black "Kay, Lee"]
[Result "0-1"]
[WhiteElo "1480"]
[BlackElo "1930"]
[PlyCount "82"]
[EventDate "2021.11.27"]
[EventType "team-swiss"]
[EventRounds "11"]
[EventCountry "ENG"]
[SourceTitle "EXT 2023"]
[Source "ChessBase"]
[SourceDate "2022.10.05"]
[SourceVersion "1"]
[SourceVersionDate "2022.10.05"]
[SourceQuality "1"]
[WhiteTeam "Check Innmates"]
[BlackTeam "Manchester Manticores"]
[WhiteTeamCountry "ENG"]
[BlackTeamCountry "ENG"]

1. d4 d6 2. Nf3 f5 3. Bf4 Nf6 4. e3 g6 5. Nbd2 Bg7 6. Bd3 0-0 7. h3 Nc6 8. c3 Qe8 9. Bc2 e5 10. dxe5 dxe5 11. Bb3+ Kh8 12. Bh2 e4 13. Nd4 Ne5 14. 0-0 a6 15. Bxe5 Qxe5 16. Qe2 c5 17. f4 Qe7 18. Nc2 b5 19. c4 Nh5 20. Qf2 Bxb2 21. Rab1 Bc3 22. Rfd1 b4 23. Nf1 Be6 24. a3 a5 25. axb4 a4 26. bxc5 axb3 27. Rxb3 Bg7 28. c6 Rab8 29. Rxb8 Rxb8 30. Nd4 Bxc4 31. g4 fxg4 32. hxg4 Nf6 33. Qg3 Nd5 34. f5 Be5 35. Qh3 Bxf1 36. Rxf1 Rb2 37. Rf2 Rxf2 38. Kxf2 Bxd4 39. exd4 e3+ 40. Ke1 Qb4+ 41. Kf1 e2+ 0-1

[Event "BCF-chT 2122 (4NCL)"]
[Site "England"]
[Date "2022.02.13"]
[Round "4.127"]
[White "Kay, Lee"]
[Black "Sheerin, Alex"]
[Result "1-0"]
[WhiteElo "1930"]
[BlackElo "1909"]
[PlyCount "33"]
[EventDate "2021.11.27"]
[EventType "team-swiss"]
[EventRounds "11"]
[EventCountry "ENG"]
[SourceTitle "EXT 2023"]
[Source "ChessBase"]
[SourceDate "2022.10.05"]
[SourceVersion "1"]
[SourceVersionDate "2022.10.05"]
[SourceQuality "1"]
[WhiteTeam "Manchester Manticores"]
[BlackTeam "Anglian Avengers"]
[WhiteTeamCountry "ENG"]
[BlackTeamCountry "ENG"]

1. d4 d5 2. Bg5 Nf6 3. Bxf6 gxf6 4. c4 c6 5. e3 Bf5 6. Nc3 Bg7 7. cxd5 cxd5 8. Qb3 0-0 9. Qxd5 Qc8 10. Nf3 Nc6 11. g3 e5 12. Rd1 Rd8 13. Qc4 a6 14. d5 b5 15. Qxc6 Qb8 16. d6 Be6 17. Qc7 1-0

[Event "BCF-chT 2122 (4NCL)"]
[Site "England"]
[Date "2021.11.27"]
[Round "1.53"]
[White "Kay, Lee"]
[Black "Thorfinnsson, Bragi"]
[Result "0-1"]
[WhiteElo "1930"]
[BlackElo "2419"]
[PlyCount "84"]
[EventDate "2021.11.27"]
[EventType "team-swiss"]
[EventRounds "11"]
[EventCountry "ENG"]
[SourceTitle "EXT 2023"]
[Source "ChessBase"]
[SourceDate "2022.10.05"]
[SourceVersion "1"]
[SourceVersionDate "2022.10.05"]
[SourceQuality "1"]
[WhiteTeam "Manchester Manticores"]
[BlackTeam "Cheddleton"]
[WhiteTeamCountry "ENG"]
[BlackTeamCountry "ENG"]

1. f4 d5 2. Nf3 Nf6 3. g3 c5 4. Bg2 Nc6 5. 0-0 Qc7 6. d3 Bg4 7. Na3 0-0-0 8. c4 Bxf3 9. Bxf3 e6 10. Qa4 h5 11. e4 dxe4 12. dxe4 a6 13. e5 Ng4 14. Bxc6 Qxc6 15. Qxc6+ bxc6 16. Nc2 Rd3 17. Ne1 Rd4 18. Nf3 Rxc4 19. h3 Nh6 20. b3 Rc2 21. Rf2 Rxf2 22. Kxf2 Be7 23. Be3 Nf5 24. Rc1 h4 25. gxh4 Bxh4+ 26. Nxh4 Rxh4 27. Rh1 Kc7 28. Kf3 Nxe3 29. Kxe3 Kb6 30. Kf3 Rh8 31. Kg4 Rd8 32. Rh2 a5 33. h4 a4 34. bxa4 c4 35. h5 Kc5 36. f5 Rd4+ 37. Kg5 exf5 38. Kxf5 c3 39. h6 gxh6 40. Kf6 Rd2 41. Rh1 c2 42. Rc1 Rf2+ 0-1

[Event "BCF-chT3N 1920 (4NCL)"]
[Site "England"]
[Date "2019.11.09"]
[Round "1.13"]
[White "Kay, Lee"]
[Black "Holliday, John K"]
[Result "1/2-1/2"]
[WhiteElo "2065"]
[BlackElo "1805"]
[PlyCount "45"]
[EventDate "2019.11.09"]
[EventType "team-swiss"]
[EventRounds "11"]
[EventCountry "ENG"]
[SourceTitle "EXT 2022"]
[Source "ChessBase"]
[SourceDate "2021.10.06"]
[SourceVersion "1"]
[SourceVersionDate "2021.10.06"]
[SourceQuality "1"]
[WhiteTeam "Manchester Manticores II"]
[BlackTeam "Bradford DCA Knights III"]
[WhiteTeamCountry "ENG"]
[BlackTeamCountry "ENG"]

1. e4 d5 2. exd5 Nf6 3. Nf3 Qxd5 4. Nc3 Qd8 5. d4 Bf5 6. Be2 e6 7. Nh4 Ne4 8. Nxf5 exf5 9. Qd3 Nd6 10. Bf4 Qd7 11. Nd5 Nc6 12. Qe3+ Be7 13. Bg5 Ne4 14. Nxe7 Nxe7 15. Bxe7 Qxe7 16. 0-0-0 0-0-0 17. f3 Qg5 18. Qxg5 Nxg5 19. Bc4 Ne6 20. Bxe6+ fxe6 21. Rhe1 Rhe8 22. Re5 Rd5 23. Rde1 1/2-1/2

[Event "BCF-chT2 1819 (4NCL) Demotion"]
[Site "England"]
[Date "2019.05.06"]
[Round "11.74"]
[White "Lukosius, Rolandas"]
[Black "Kay, Lee"]
[Result "1/2-1/2"]
[WhiteElo "2072"]
[BlackElo "2087"]
[PlyCount "54"]
[EventDate "2018.11.10"]
[EventType "team-tourn"]
[EventRounds "11"]
[EventCountry "ENG"]
[SourceTitle "EXT 2021"]
[Source "ChessBase"]
[SourceDate "2020.10.23"]
[SourceVersion "1"]
[SourceVersionDate "2020.10.23"]
[SourceQuality "1"]
[WhiteTeam "Wessex"]
[BlackTeam "Manchester Manticores"]
[WhiteTeamCountry "ENG"]
[BlackTeamCountry "ENG"]

1. d4 e6 2. c4 f5 3. Nc3 Nf6 4. g3 Be7 5. Bg2 0-0 6. Nf3 d6 7. 0-0 Ne4 8. Nxe4 fxe4 9. Ne1 d5 10. Bf4 Bf6 11. Rc1 Nc6 12. Nc2 a5 13. Kh1 Rf7 14. cxd5 exd5 15. a3 Bf5 16. b4 axb4 17. axb4 Be6 18. b5 Na5 19. Ra1 Nc4 20. Ne3 Rxa1 21. Qxa1 Nd6 22. Qb2 b6 23. Rc1 g5 24. Bxd6 Qxd6 25. Kg1 h5 26. Qc3 Qd8 27. Qc6 Qd7 1/2-1/2

[Event "BCF-chT2a 1819 (4NCL)"]
[Site "England"]
[Date "2018.11.10"]
[Round "1.26"]
[White "Kay, Lee"]
[Black "Young, Daniel"]
[Result "1-0"]
[WhiteElo "2027"]
[BlackElo "2019"]
[PlyCount "127"]
[EventDate "2018.11.10"]
[EventType "team-tourn"]
[EventRounds "11"]
[EventCountry "ENG"]
[SourceTitle "EXT 2021"]
[Source "ChessBase"]
[SourceDate "2020.10.23"]
[SourceVersion "1"]
[SourceVersionDate "2020.10.23"]
[SourceQuality "1"]
[WhiteTeam "Manchester Manticores"]
[BlackTeam "KJCA Kings"]
[WhiteTeamCountry "ENG"]
[BlackTeamCountry "ENG"]

1. f4 c5 2. Nf3 Nc6 3. g3 g6 4. Bg2 Bg7 5. 0-0 e6 6. e4 Nge7 7. c3 0-0 8. Na3 d5 9. d3 b6 10. e5 f6 11. Qe2 fxe5 12. fxe5 Ba6 13. Bg5 Qd7 14. Rae1 Rf7 15. Bf6 Bxf6 16. exf6 Rxf6 17. Ne5 Rxf1+ 18. Bxf1 Nxe5 19. Qxe5 Bc8 20. Bh3 Nf5 21. g4 Ne7 22. g5 Nf5 23. Bxf5 gxf5 24. Re3 Qg7 25. Qd6 Bd7 26. Nc2 Rf8 27. d4 f4 28. Re5 c4 29. Ne1 f3 30. Kf2 Qf7 31. Re3 Qf4 32. Qxf4 Rxf4 33. Rxf3 Re4 34. Re3 Rf4+ 35. Nf3 Be8 36. Kg3 Rf5 37. Rxe6 Bh5 38. Ne5 Rxg5+ 39. Kh4 Rf5 40. Rd6 Bf3 41. Rd8+ Kg7 42. Rd7+ Kg8 43. Rxa7 Be4 44. Rb7 Rf2 45. Rxb6 Rxh2+ 46. Kg5 h5 47. a4 h4 48. Rb8+ Kg7 49. Rb7+ Kf8 50. Ng4 Rh1 51. Nf2 Ra1 52. Kxh4 Rxa4 53. Nxe4 dxe4 54. Kg3 Ra1 55. Kf2 Rb1 56. Ke3 Re1+ 57. Kd2 Rb1 58. Rb4 Ke7 59. Rxc4 Rxb2+ 60. Ke3 Kd6 61. Rc5 Rc2 62. Kxe4 Re2+ 63. Kd3 Rh2 64. Rg5 1-0

[Event "BCF-chT2 1718 (4NCL) Promotion pool"]
[Site "England"]
[Date "2018.03.18"]
[Round "8.36"]
[White "Kay, Lee"]
[Black "Skulte, Christopher"]
[Result "0-1"]
[WhiteElo "2050"]
[BlackElo "1965"]
[PlyCount "112"]
[EventDate "2017.11.11"]
[EventType "team-tourn"]
[EventRounds "11"]
[EventCountry "ENG"]
[SourceTitle "EXT 2020"]
[Source "ChessBase"]
[SourceDate "2019.10.17"]
[SourceVersion "1"]
[SourceVersionDate "2019.10.17"]
[SourceQuality "1"]
[WhiteTeam "Manchester Manticores"]
[BlackTeam "Celtic Tigers"]
[WhiteTeamCountry "ENG"]
[BlackTeamCountry "ENG"]

1. e4 d5 2. exd5 Nf6 3. d4 Bg4 4. Nf3 Qxd5 5. Be2 e6 6. 0-0 Nbd7 7. c4 Qd6 8. c5 Qc6 9. b4 Ne4 10. Qb3 Be7 11. Bc4 b5 12. Be2 0-0 13. Nc3 Nxc3 14. Qxc3 Bf6 15. h3 Bh5 16. Ne5 Nxe5 17. Bxh5 Qd5 18. Bb2 Nc6 19. Bf3 Qd7 20. Rad1 Rad8 21. Bxc6 Qxc6 22. Rd3 Rd5 23. Rfd1 Rfd8 24. f4 Qd7 25. Kf2 e5 26. fxe5 Bxe5 27. Kg1 c6 28. Qd2 Bf6 29. Kh1 Bg5 30. Qf2 Bf6 31. Bc3 h6 32. Qe3 Re8 33. Qf2 Re4 34. Qg1 Qe6 35. Qf1 Re2 36. R3d2 Re3 37. Rd3 Rf5 38. Qg1 Rxd3 39. Rxd3 Qxa2 40. Qe1 Qd5 41. Qa1 Rf2 42. Qg1 Qf5 43. Rd1 Bg5 44. d5 Qc2 45. dxc6 Rxg2 46. Qxg2 Qxd1+ 47. Qg1 Qf3+ 48. Qg2 Qxc3 49. c7 Qe1+ 50. Qg1 Qe6 51. Qg2 Bf4 52. Qa8+ Kh7 53. c8Q Qe1+ 54. Kg2 Qe2+ 55. Kg1 Be3+ 56. Kh1 Qf1+ 0-1

[Event "BCF-chT2b 1718 (4NCL)"]
[Site "England"]
[Date "2018.01.14"]
[Round "4.68"]
[White "Phillips, David"]
[Black "Kay, Lee"]
[Result "1/2-1/2"]
[WhiteElo "1778"]
[BlackElo "2087"]
[PlyCount "34"]
[EventDate "2017.11.11"]
[EventType "team-tourn"]
[EventRounds "7"]
[EventCountry "ENG"]
[SourceTitle "EXT 2020"]
[Source "ChessBase"]
[SourceDate "2019.10.17"]
[SourceVersion "1"]
[SourceVersionDate "2019.10.17"]
[SourceQuality "1"]
[WhiteTeam "Warwicks Select"]
[BlackTeam "Manchester Manticores"]
[WhiteTeamCountry "ENG"]
[BlackTeamCountry "ENG"]

1. d4 e6 2. Nf3 f5 3. Bf4 Nf6 4. e3 b6 5. Be2 Bb7 6. h3 Be7 7. c4 0-0 8. Nc3 Ne4 9. Qc2 d6 10. Rd1 Nd7 11. Nxe4 Bxe4 12. Bd3 Bxd3 13. Qxd3 Nf6 14. Bh2 Ne4 15. Nd2 d5 16. Nxe4 fxe4 17. Qb3 Bd6 1/2-1/2

[Event "BCF-chT3N 1617 (4NCL)"]
[Site "England"]
[Date "2016.11.26"]
[Round "1.73"]
[White "Kay, Lee"]
[Black "Hodge, Steve R"]
[Result "1/2-1/2"]
[WhiteElo "2117"]
[BlackElo "1967"]
[PlyCount "89"]
[EventDate "2016.11.26"]
[EventType "team-swiss"]
[EventRounds "11"]
[EventCountry "ENG"]
[SourceTitle "EXT 2019"]
[Source "ChessBase"]
[SourceDate "2018.10.10"]
[SourceVersion "1"]
[SourceVersionDate "2018.10.10"]
[SourceQuality "1"]
[WhiteTeam "Manchester Manticores"]
[BlackTeam "Jorvik"]
[WhiteTeamCountry "ENG"]
[BlackTeamCountry "ENG"]

1. d4 f5 2. c4 Nf6 3. Nc3 g6 4. f3 d6 5. e4 fxe4 6. fxe4 Nc6 7. Nf3 Bg4 8. Be3 e5 9. d5 Ne7 10. Be2 Bg7 11. Qd2 0-0 12. 0-0 Kh8 13. b4 Bd7 14. h3 Nc8 15. c5 a6 16. a4 Qe7 17. Kh2 Nh5 18. g3 Nf6 19. a5 Qe8 20. Bh6 Na7 21. cxd6 cxd6 22. Bxg7+ Kxg7 23. Qe3 h6 24. Qb6 Nb5 25. Nxb5 Bxb5 26. Bxb5 Qxb5 27. Qxb5 axb5 28. Nd2 Rac8 29. Rac1 Kf7 30. Kg2 Ke7 31. g4 g5 32. Kg3 Rxc1 33. Rxc1 Kd7 34. Rc3 Rc8 35. Rxc8 Kxc8 36. Kf3 Kd7 37. Nb1 Ne8 38. Nc3 Nc7 39. Ke3 Ke7 40. Kd3 Kf6 41. Ne2 Ne8 42. Ng3 Ng7 43. Ke3 Kg6 44. Ne2 Ne8 45. Ng3 1/2-1/2

[Event "BCF-chT3Nc 1516 (4NCL)"]
[Site "England"]
[Date "2016.05.02"]
[Round "11.67"]
[White "Kay, Lee"]
[Black "Hughes, Roy"]
[Result "1/2-1/2"]
[WhiteElo "2110"]
[BlackElo "2117"]
[PlyCount "79"]
[EventDate "2016.03.20"]
[EventType "team-swiss"]
[EventRounds "11"]
[EventCountry "ENG"]
[SourceTitle "EXT 2017"]
[Source "ChessBase"]
[SourceDate "2016.10.25"]
[SourceVersion "1"]
[SourceVersionDate "2016.10.25"]
[SourceQuality "1"]
[WhiteTeam "Manchester Manticores"]
[BlackTeam "Broadland Bitterns"]
[WhiteTeamCountry "ENG"]
[BlackTeamCountry "ENG"]

1. f4 d5 2. Nf3 Nf6 3. g3 c6 4. Bg2 Qb6 5. e3 Bg4 6. h3 Bxf3 7. Qxf3 Nbd7 8. b3 0-0-0 9. Bb2 Ne4 10. Nc3 Ndf6 11. 0-0-0 e6 12. g4 Nxc3 13. Bxc3 Ne4 14. Bb2 Qa5 15. a4 f6 16. g5 h5 17. gxf6 gxf6 18. Rhg1 Be7 19. Qe2 Ng3 20. Qe1 h4 21. Bf3 Rhg8 22. d3 Bb4 23. c3 Bd6 24. c4 Bb4 25. Qf2 Rdf8 26. cxd5 cxd5 27. Bg4 f5 28. Bf3 Qb6 29. Bd4 Qa6 30. Be5 Bd6 31. Bxd6 Qxd6 32. Kb2 Kb8 33. Rc1 Rc8 34. d4 Qb4 35. Rxc8+ Rxc8 36. Qe1 Qb6 37. Qd2 Qc6 38. Re1 a6 39. Rg1 Rc7 40. Re1 1/2-1/2

[Event "BCF-chT3Nb 1516 (4NCL)"]
[Site "England"]
[Date "2015.11.15"]
[Round "2.95"]
[White "Armstrong, William G"]
[Black "Kay, Lee"]
[Result "1/2-1/2"]
[WhiteElo "1817"]
[BlackElo "2050"]
[PlyCount "84"]
[EventDate "2015.11.14"]
[EventType "team-swiss"]
[EventRounds "7"]
[EventCountry "ENG"]
[SourceTitle "CBM 169 Extra"]
[Source "ChessBase"]
[SourceDate "2015.12.18"]
[SourceVersion "1"]
[SourceVersionDate "2015.12.18"]
[SourceQuality "1"]
[WhiteTeam "Cheddleton III"]
[BlackTeam "Manchester Manticores"]
[WhiteTeamCountry "ENG"]
[BlackTeamCountry "ENG"]

1. d4 e6 2. Nf3 f5 3. d5 Bd6 4. Nc3 c6 5. e4 exd5 6. exd5 Nf6 7. Be2 0-0 8. 0-0 Bb4 9. dxc6 bxc6 10. Na4 d5 11. c4 Re8 12. a3 Bd6 13. Bg5 Ba6 14. Re1 Nbd7 15. cxd5 Bxe2 16. Rxe2 cxd5 17. Rd2 Qb8 18. Rxd5 Nxd5 19. Qxd5+ Kh8 20. Rd1 Ne5 21. Qxd6 Nxf3+ 22. gxf3 Re1+ 23. Kg2 Rxd1 24. Qxd1 h6 25. Be3 Qe8 26. Nc3 Rd8 27. Qf1 Qg6+ 28. Kh1 Rb8 29. Qc1 Qh5 30. Kg2 Qg6+ 31. Kf1 Rc8 32. Qd2 Qh5 33. Ke2 Qxh2 34. Qd7 Rf8 35. Qxa7 Qd6 36. Qd4 Qa6+ 37. Qd3 Qb7 38. f4 Qxb2+ 39. Kf3 Qxa3 40. Bd4 Qa8+ 41. Kg3 Qh1 42. Qf3 Qg1+ 1/2-1/2

[Event "BCF-chT3Nb 1516 (4NCL)"]
[Site "England"]
[Date "2015.11.14"]
[Round "1.95"]
[White "Kay, Lee"]
[Black "Trueman, Glenn"]
[Result "1/2-1/2"]
[WhiteElo "2050"]
[BlackElo "2020"]
[PlyCount "30"]
[EventDate "2015.11.14"]
[EventType "team-swiss"]
[EventRounds "7"]
[EventCountry "ENG"]
[SourceTitle "CBM 169 Extra"]
[Source "ChessBase"]
[SourceDate "2015.12.18"]
[SourceVersion "1"]
[SourceVersionDate "2015.12.18"]
[SourceQuality "1"]
[WhiteTeam "Manchester Manticores"]
[BlackTeam "Manchester Manticores II"]
[WhiteTeamCountry "ENG"]
[BlackTeamCountry "ENG"]

1. d4 d5 2. Bg5 h6 3. Bh4 c6 4. a3 Bf5 5. e3 Nd7 6. Nf3 Ngf6 7. c4 e6 8. Nc3 Be7 9. Bd3 Bxd3 10. Qxd3 dxc4 11. Qxc4 Nd5 12. Bg3 N7f6 13. 0-0 0-0 14. Nxd5 exd5 15. Qb3 Qb6 1/2-1/2